<?xml version="1.0" encoding="UTF-8"?>
<record
    xmlns:xsi="http://www.w3.org/2001/XMLSchema-instance"
    xsi:schemaLocation="http://www.loc.gov/MARC21/slim http://www.loc.gov/standards/marcxml/schema/MARC21slim.xsd"
    xmlns="http://www.loc.gov/MARC21/slim">

  <leader>02243nam a2200445Ia 4500</leader>
  <controlfield tag="001">dia_5003</controlfield>
  <controlfield tag="003">CHAP</controlfield>
  <controlfield tag="005">20250805123352.0</controlfield>
  <controlfield tag="007">ta</controlfield>
  <controlfield tag="008">220117s2012    mx abdof      001 0 spa d</controlfield>
  <datafield tag="040" ind1=" " ind2=" ">
    <subfield code="a">mxchpua</subfield>
    <subfield code="c">CHAP</subfield>
  </datafield>
  <datafield tag="090" ind1=" " ind2=" ">
    <subfield code="a">T.C.573 </subfield>
    <subfield code="b">C67 IA </subfield>
    <subfield code="c">2012</subfield>
  </datafield>
  <datafield tag="245" ind1="1" ind2="0">
    <subfield code="a">Introducci&#xF3;n a la Agroindustria, reporte de viaje generacional 2012 /</subfield>
    <subfield code="c">coordinadora Rosa Mar&#xED;a C&#xF3;rdoba &#xC1;ngeles ; colaboradores Sheila Ivonne Ba&#xF1;os Serrano...[y otros]</subfield>
  </datafield>
  <datafield tag="260" ind1=" " ind2=" ">
    <subfield code="a">M&#xE9;xico :</subfield>
    <subfield code="b">El autor,</subfield>
    <subfield code="c">2012</subfield>
  </datafield>
  <datafield tag="300" ind1=" " ind2=" ">
    <subfield code="a">210 p&#xE1;ginas : </subfield>
    <subfield code="b">ilustraciones, tablas, gr&#xE1;ficas, mapas., fotos</subfield>
  </datafield>
  <datafield tag="336" ind1=" " ind2=" ">
    <subfield code="2">rdacontent</subfield>
    <subfield code="a">texto</subfield>
    <subfield code="b">txt</subfield>
  </datafield>
  <datafield tag="337" ind1=" " ind2=" ">
    <subfield code="2">rdamedia</subfield>
    <subfield code="a">no mediado</subfield>
    <subfield code="b">nc</subfield>
  </datafield>
  <datafield tag="338" ind1=" " ind2=" ">
    <subfield code="2">rdacarrier</subfield>
    <subfield code="a">volumen</subfield>
    <subfield code="b">nc</subfield>
  </datafield>
  <datafield tag="500" ind1=" " ind2=" ">
    <subfield code="a">Grado: 4&#xB0; a&#xF1;o Grupo: 02
Directorio: p&#xE1;ginas 203-204</subfield>
  </datafield>
  <datafield tag="502" ind1=" " ind2=" ">
    <subfield code="a">Viaje de estudios </subfield>
    <subfield code="b">(IA) -- </subfield>
    <subfield code="c">UACh. Departamento de Ingenier&#xED;a Agroindustrial, </subfield>
    <subfield code="d">2012</subfield>
  </datafield>
  <datafield tag="504" ind1=" " ind2=" ">
    <subfield code="a">Bibliograf&#xED;a: p&#xE1;ginas 205-211</subfield>
  </datafield>
  <datafield tag="505" ind1="0" ind2="0">
    <subfield code="t">Empresas visitadas:--
1.Cebadas y maltas en Calpulalp&#xE1;n --
2.Harinera --
3.Alimentos balanceados, Tehuac&#xE1;n --
4.Cervecer&#xED;a Cuahutemoc --
5.Beneficio de arroz --
6.Planta procesadora de pollo en pie y pollo procesado --
7.Beneficio de caf&#xE9; --
8.Beneficio de caf&#xE9; Casandra --
9.F&#xE1;brica de piloncillo --
10.Ingenio San Miguelito --
11.Licores Veracruz --
12.Beneficadora de Lim&#xF3;n --
13.Visita a planta de Frutas --
14.Empacadora de pi&#xF1;a --
15 Frigor&#xED;fico y rastro del sur --
16.Quesos Excelsior --
17.Industrial Patrona</subfield>
  </datafield>
  <datafield tag="650" ind1="1" ind2="3">
    <subfield code="a">Industria l&#xE1;ctea  </subfield>
    <subfield code="9">143326</subfield>
  </datafield>
  <datafield tag="650" ind1="1" ind2="3">
    <subfield code="a">Industria del vino  </subfield>
    <subfield code="9">151418</subfield>
  </datafield>
  <datafield tag="650" ind1="1" ind2="3">
    <subfield code="a">Productos agr&#xED;colas  </subfield>
    <subfield code="9">91896</subfield>
  </datafield>
  <datafield tag="650" ind1="1" ind2="3">
    <subfield code="a">Productos de caf&#xE9;  </subfield>
    <subfield code="9">157296</subfield>
  </datafield>
  <datafield tag="650" ind1="1" ind2="3">
    <subfield code="a">Agricultural products  </subfield>
    <subfield code="9">149769</subfield>
  </datafield>
  <datafield tag="650" ind1="1" ind2="3">
    <subfield code="a">Coffe products  </subfield>
    <subfield code="9">157295</subfield>
  </datafield>
  <datafield tag="650" ind1="1" ind2="3">
    <subfield code="a">Milk industry  </subfield>
    <subfield code="9">147869</subfield>
  </datafield>
  <datafield tag="650" ind1="1" ind2="3">
    <subfield code="a">Wine industry</subfield>
    <subfield code="9">151419</subfield>
  </datafield>
  <datafield tag="700" ind1="1" ind2=" ">
    <subfield code="a">C&#xF3;rdoba &#xC1;ngeles, Rosa Mar&#xED;a</subfield>
    <subfield code="9">148317</subfield>
    <subfield code="e">coordinadora</subfield>
  </datafield>
  <datafield tag="700" ind1="1" ind2=" ">
    <subfield code="a">Ba&#xF1;os Serrano, Sheila Ivonne</subfield>
    <subfield code="9">129911</subfield>
    <subfield code="e">colaboradora</subfield>
  </datafield>
  <datafield tag="856" ind1="4" ind2="1">
    <subfield code="u">http://10.13.5.2/ve/TC573_IA/TC573_IA_2012-REPORTE.pdf</subfield>
    <subfield code="y">DESCARGAR REPORTE</subfield>
  </datafield>
  <datafield tag="901" ind1=" " ind2=" ">
    <subfield code="a">T.C.573 C67 IA 2012</subfield>
  </datafield>
  <datafield tag="902" ind1=" " ind2=" ">
    <subfield code="a">M</subfield>
  </datafield>
  <datafield tag="905" ind1=" " ind2=" ">
    <subfield code="a">5232272012                          mx amn 8223223322spa16</subfield>
  </datafield>
  <datafield tag="942" ind1=" " ind2=" ">
    <subfield code="2">local</subfield>
  </datafield>
  <datafield tag="942" ind1=" " ind2=" ">
    <subfield code="c">VE</subfield>
  </datafield>
  <datafield tag="999" ind1=" " ind2=" ">
    <subfield code="c">175825</subfield>
    <subfield code="d">175825</subfield>
  </datafield>
  <datafield tag="952" ind1=" " ind2=" ">
    <subfield code="0">0</subfield>
    <subfield code="1">0</subfield>
    <subfield code="2">local</subfield>
    <subfield code="4">0</subfield>
    <subfield code="5">1</subfield>
    <subfield code="7">0</subfield>
    <subfield code="8">VE</subfield>
    <subfield code="a">IA_</subfield>
    <subfield code="b">IA_</subfield>
    <subfield code="d">2022-01-18</subfield>
    <subfield code="e">El autor</subfield>
    <subfield code="l">1</subfield>
    <subfield code="o">T.C.573 C67 IA 2012</subfield>
    <subfield code="p">1106006967</subfield>
    <subfield code="r">2026-01-26 00:00:00</subfield>
    <subfield code="s">2023-03-20</subfield>
    <subfield code="t">Ej.1</subfield>
    <subfield code="w">2022-01-18</subfield>
    <subfield code="y">VE</subfield>
  </datafield>
  <datafield tag="952" ind1=" " ind2=" ">
    <subfield code="0">0</subfield>
    <subfield code="1">0</subfield>
    <subfield code="2">local</subfield>
    <subfield code="4">0</subfield>
    <subfield code="5">1</subfield>
    <subfield code="7">0</subfield>
    <subfield code="8">VE</subfield>
    <subfield code="a">IA_</subfield>
    <subfield code="b">IA_</subfield>
    <subfield code="d">2025-07-31</subfield>
    <subfield code="e">El autor</subfield>
    <subfield code="l">0</subfield>
    <subfield code="o">T.C.573 C67 IA 2012</subfield>
    <subfield code="p">1106015689</subfield>
    <subfield code="r">2025-07-31 19:01:36</subfield>
    <subfield code="t">Ej. 2</subfield>
    <subfield code="w">2025-07-31</subfield>
    <subfield code="y">CD</subfield>
  </datafield>
  <datafield tag="952" ind1=" " ind2=" ">
    <subfield code="0">0</subfield>
    <subfield code="1">0</subfield>
    <subfield code="2">local</subfield>
    <subfield code="4">0</subfield>
    <subfield code="7">0</subfield>
    <subfield code="8">VEE</subfield>
    <subfield code="a">IA_</subfield>
    <subfield code="b">IA_</subfield>
    <subfield code="c">E_L</subfield>
    <subfield code="d">2025-08-05</subfield>
    <subfield code="e">El autor</subfield>
    <subfield code="l">0</subfield>
    <subfield code="o">T.C.573 C67 IA 2012</subfield>
    <subfield code="p">1206006967</subfield>
    <subfield code="r">2025-08-05 13:34:41</subfield>
    <subfield code="w">2025-08-05</subfield>
    <subfield code="y">VEE</subfield>
  </datafield>
</record>
